| Tag |
First Indicator |
Second Indicator |
Subfields |
| LEADER |
00000cam a2200000 4500 |
| 001 |
in00000043940 |
| 005 |
20151007065032.0 |
| 008 |
730404s1966 enka b 00010 eng |
| 010 |
|
|
|a 66018238
|
| 035 |
|
|
|a (OCoLC)00597360
|
| 035 |
|
|
|9 AAE1153AM
|
| 040 |
|
|
|a DLC
|c WSU
|d OCL
|d TXA
|d UtOrBLW
|
| 041 |
1 |
|
|a eng
|a cze
|
| 049 |
|
|
|a TXAM
|c [474362]
|
| 050 |
|
0 |
|a QE440
|b .V513 1966
|
| 082 |
0 |
|
|a 551.8
|
| 092 |
|
|
|a 551.8
|b V834s, 1966
|
| 100 |
1 |
|
|a Vistelius, Andreĭ Borisovich.
|
| 245 |
1 |
0 |
|a Structural diagrams /
|c by Andrew B. Vistelius. Translated by R. Baker. Translation edited by N. L. Johnson and F. C. Phillips.
|
| 250 |
|
|
|a [1st English ed.].
|
| 264 |
|
1 |
|a Oxford,
|a New York :
|b Pergamon Press,
|c [1966]
|
| 300 |
|
|
|a xi, 178 pages :
|b illustrations ;
|c 22 cm.
|
| 336 |
|
|
|a text
|b txt
|2 rdacontent
|
| 337 |
|
|
|a unmediated
|b n
|2 rdamedia
|
| 338 |
|
|
|a volume
|b nc
|2 rdacarrier
|
| 504 |
|
|
|a Bibliography: pages 174-176.
|
| 650 |
|
0 |
|a Petrographic diagram.
|
| 999 |
|
|
|a MARS
|
| 999 |
f |
f |
|s 077a7216-2807-32e3-9452-ca96ff9dafb5
|i e26bfb12-f57f-3e64-be5a-846f1a11b655
|t 0
|
| 952 |
f |
f |
|p ric
|a Texas A&M University
|b Rellis Campus
|c Joint Library Facility
|d Remote Storage
|t 0
|e QE440 .V513 1966
|h Library of Congress classification
|i unmediated -- volume
|m A14800956795
|
| 998 |
f |
f |
|a QE440 .V513 1966
|t 0
|l Remote Storage
|